| 000 | 00461nam a2200157 i 4500 | ||
|---|---|---|---|
| 001 | 64603 | ||
| 003 | ES-MaACL | ||
| 005 | 20230906165152.0 | ||
| 007 | t| | ||
| 008 | 031230s1920 sp ||||1| spa d | ||
| 100 | 1 |
_aForcada-Cabanellas, Manuel. _951678 |
|
| 245 | 1 | 0 |
_aPêle-Mêle _b: proemial de Juan G. Olmedilla / _cM. Forcada Cabanellas. |
| 260 |
_aSevilla : _b[s.n., _c1920] ( _fTip. Gironés) |
||
| 300 |
_a85 p. ; _c17 cm. |
||
| 852 |
_aES-MaACL _j1627-F-10 |
||
| 999 |
_c64603 _d64603 |
||